000 00813nam a22002532 4500
001 0000023897
005 20151217154507.0
008 130415s xx 000 0 eng d
020 _a0199534739 :
040 _aKABU
_cKABU
100 1 _aFarar, Tom.
_@0000183672
245 1 0 _aConfronting global terrorism and American neo-conservatism :
_bthe framework of a liberal grand strategy /
_cTom Farer.
250 _a1st ed.
260 _aOxford :
_bO. U. P.,
_c2008.
300 _ax, 257 p.
650 0 _aTerrorism.
_@0000159021
650 0 _aLiberalism.
_@0000183673
650 0 _aHuman rights.
_@0000150298
650 0 _aWar (International law)
_@0000178607
650 0 _aConservatism.
_@0000183674
852 1 _9p2800 KES
908 _a130415
950 _@1
999 _c11500
_d11500